Statystyki dla Kadra rep. Francji na EURO 2016

Kliknij tutaj aby rozwiązać quiz!

Ogólne statystyki

  • Ten quiz został rozwiązany 175 razy
  • Średni wynik to 12 z 24

Statystyki odpowiedzi

pozycja#klubpiłkarz% Poprawnych
B (C)1TottenhamHugo Lloris
96%
P15JuventusPaul Pogba
87%
N7AtleticoAntoine Griezmann
82%
B16Olympique MarsyliaSteve Mandanda
81%
N9ArsenalOlivier Giroud
72%
N11Manchester UnitedAnthony Martial
70%
P5LeicesterN'Golo Kante
70%
N20BayernKingsley Coman
69%
P8West HamDimitri Payet
61%
P14PSGBlaise Matuidi
59%
O21ArsenalLaurent Koscielny
58%
O22Olympique LyonSamuel Umtiti
57%
N10Tigres UANL (Mex)Andre Pierre Gignac
52%
Selekcjoner--Didier Deschamps
52%
O3JuventusPatrice Evra
52%
O19Manchester CityBacary Sagna
42%
P18NewcastleMoussa Sissoko
33%
P12Manchester UnitedMorgan Schneiderlin
29%
O13Manchester CityEliaquim Mangala
28%
O4SevillaAdil Rami
26%
B23Stade RennesBenoit Costil
24%
P6Crystal PalaceYohan Cabaye
24%
O17RomaLucas Digne
15%
O2Olympique LyonChristophe Jallet
11%

Rozkład punktacji

Percentyl według liczby udzielonych odpowiedzi

Procent ludzi z każdym wynikiem

Twoja historia wyników

Nie rozwiązałeś tego quizu